[Event "23rd EUR-ch"]
[Site "Vrnjacka Banja SRB"]
[Date "2023.03.06"]
[Round "4.162"]
[White "Agdelen, Huseyin Can"]
[Black "Voiteanu, Gabriel"]
[Result "1-0"]
[WhiteElo "2411"]
[BlackElo "2155"]
[EventDate "2023.03.03"]
[PlyCount "54"]

1.e4 e5 2.Nf3 Nc6 3.Bb5 a6 4.Ba4 Nf6 5.O-O Be7 6.Re1 b5 7.Bb3 d6 8.c3 O-O 
9.h3 Nb8 10.d4 Nbd7 11.Nbd2 Bb7 12.Bc2 Re8 13.Nf1 Bf8 14.Ng3 g6 15.a4 Nb6 
16.a5 Nbd7 17.d5 c6 18.dxc6 Bxc6 19.b4 d5 20.Bb3 dxe4 21.Ng5 Re7 22.Qc2 
Bd5 23.N5xe4 Qc7 24.Bg5 Re6 25.Rad1 Bxb3 26.Qxb3 Rc8 27.Bxf6 Nxf6 1-0

[Event "23rd EUR-ch"]
[Site "Vrnjacka Banja SRB"]
[Date "2023.03.06"]
[Round "4.163"]
[White "Popovic, Milan S."]
[Black "Sitbon, Itay"]
[Result "1/2-1/2"]
[WhiteElo "2393"]
[BlackElo "2144"]
[EventDate "2023.03.03"]
[PlyCount "66"]

1.e4 c6 2.d4 d5 3.f3 Qb6 4.Nc3 dxe4 5.Bc4 e3 6.Nge2 Bf5 7.Bb3 e6 8.Bxe3 
Nf6 9.Qd2 Nd5 10.Bf2 Bb4 11.a3 Be7 12.Na4 Qd8 13.c4 Bg5 14.f4 Nxf4 15.Nxf4
e5 16.O-O O-O 17.Be3 exf4 18.Bxf4 Bxf4 19.Rxf4 Bg6 20.Bc2 Bxc2 21.Qxc2 Nd7
22.Rd1 Qe7 23.Nc3 Nf6 24.Ne4 Nxe4 25.Rxe4 Qd7 26.d5 cxd5 27.cxd5 Rac8 28.
Qd2 Qd6 29.Qb4 Qxb4 30.Rxb4 Rc7 31.Kf2 Rd8 32.Rd2 b6 33.Ke3 f6 1/2-1/2

[Event "23rd EUR-ch"]
[Site "Vrnjacka Banja SRB"]
[Date "2023.03.06"]
[Round "4.164"]
[White "Vetokhin, Savva"]
[Black "Jovanovic, Sasa T."]
[Result "1-0"]
[WhiteElo "2388"]
[BlackElo "2130"]
[EventDate "2023.03.03"]
[PlyCount "82"]

1.d4 Nf6 2.c4 g6 3.Nf3 Bg7 4.g3 O-O 5.Bg2 d6 6.Nc3 c6 7.O-O Be6 8.d5 cxd5 
9.cxd5 Bd7 10.Nd4 a5 11.h3 Na6 12.e4 Qb6 13.Nde2 Nc5 14.Be3 Rfc8 15.Qd2 
Qa6 16.Nd4 Qd3 17.Rfd1 Qxd2 18.Rxd2 a4 19.a3 Ne8 20.Rad1 Nc7 21.Bf1 N7a6 
22.f3 h5 23.g4 hxg4 24.hxg4 Nb3 25.Rc2 Nac5 26.Bc4 Nxd4 27.Bxd4 Bxd4+ 28.
Rxd4 Kg7 29.Bf1 Kf6 30.Rb4 Rh8 31.Nd1 Rac8 32.Ne3 Kg5 33.Kg2 f5 34.exf5 
gxf5 35.f4+ Kf6 36.g5+ Kf7 37.Kf3 Rh4 38.Kg3 Rch8 39.Rxc5 dxc5 40.Rxb7 Ke8
41.g6 e5 1-0

[Event "23rd EUR-ch"]
[Site "Vrnjacka Banja SRB"]
[Date "2023.03.06"]
[Round "4.165"]
[White "Carbonell Sancho, Marc"]
[Black "Korelsky, Egor"]
[Result "1-0"]
[WhiteElo "2364"]
[BlackElo "2127"]
[EventDate "2023.03.03"]
[PlyCount "59"]

1.e4 c5 2.Nf3 e6 3.d4 cxd4 4.Nxd4 a6 5.Bd3 Nf6 6.O-O Qc7 7.Qe2 d6 8.c4 Be7
9.Nc3 Nbd7 10.f4 O-O 11.Kh1 Rd8 12.Nf3 e5 13.f5 b6 14.Bg5 h6 15.Bh4 Bb7 
16.Rac1 Rac8 17.b4 Qb8 18.a3 Rc7 19.Rc2 Rdc8 20.Rfc1 Qa8 21.Nd2 Bd8 22.Bf2
Be7 23.h3 Kh8 24.Kh2 Qb8 25.Rg1 Qa8 26.g4 Qb8 27.h4 Rg8 28.g5 Nh7 29.Nf3 
Qd8 30.Be3 1-0

[Event "23rd EUR-ch"]
[Site "Vrnjacka Banja SRB"]
[Date "2023.03.06"]
[Round "4.166"]
[White "Gikas, Andreas Basilius"]
[Black "Roebers, Eline"]
[Result "0-1"]
[WhiteElo "2157"]
[BlackElo "2362"]
[EventDate "2023.03.03"]
[PlyCount "57"]

1.e4 e6 2.d4 d5 3.Nc3 Bb4 4.e5 c5 5.Qg4 Ne7 6.dxc5 Nbc6 7.Bd2 Bxc5 8.Nf3 
Ng6 9.Qh5 Qb6 10.O-O-O Bxf2 11.Bd3 Bd7 12.Rhf1 Nb4 13.Bxg6 fxg6 14.Qg4 Rc8
15.Rxf2 Rxc3 16.Qxb4 Qxb4 17.Bxc3 Qf4+ 18.Kb1 O-O 19.a3 g5 20.Bd2 Qg4 21.
Bb4 Rf7 22.Rdf1 h6 23.Re1 Qh5 24.h3 g4 25.hxg4 Qxg4 26.Rd2 Be8 27.Nd4 Rf4 
28.Bc3 Bg6 29.b3 0-1

[Event "23rd EUR-ch"]
[Site "Vrnjacka Banja SRB"]
[Date "2023.03.06"]
[Round "4.167"]
[White "Petrovic, Dragan R."]
[Black "Filip, Lucian-Ioan"]
[Result "0-1"]
[WhiteElo "2141"]
[BlackElo "2349"]
[EventDate "2023.03.03"]
[PlyCount "78"]

1.e4 c5 2.Nf3 e6 3.d4 cxd4 4.Nxd4 Nc6 5.Nc3 Qc7 6.Be3 a6 7.Bd3 Nf6 8.O-O 
Nxd4 9.Bxd4 Bc5 10.Bxf6 gxf6 11.Qg4 Kf8 12.Kh1 h5 13.Qh4 Be7 14.f4 b5 15.
f5 Qe5 16.Rab1 Bb7 17.Ne2 Kg7 18.Ng1 Rag8 19.Nf3 Qc7 20.fxe6 dxe6 21.Rbe1 
Kf8 22.Nd4 Rg4 23.Qh3 Qe5 24.c3 Rhg8 25.Re2 Bxe4 26.Nf3 Qd5 27.Bxe4 Rxe4 
28.Rd2 Qc5 29.Nd4 Qg5 30.Rdf2 f5 31.Qd3 Qe3 32.Qd1 Reg4 33.a4 Bc5 34.axb5 
Bxd4 35.cxd4 Rxd4 36.Qxh5 axb5 37.Re2 Qd3 38.Qh6+ Ke7 39.Rfe1 Qxe2 0-1

[Event "23rd EUR-ch"]
[Site "Vrnjacka Banja SRB"]
[Date "2023.03.06"]
[Round "4.168"]
[White "Nikolaidis, Konstantinos"]
[Black "Danov, Liubomir"]
[Result "0-1"]
[WhiteElo "2133"]
[BlackElo "2349"]
[EventDate "2023.03.03"]
[PlyCount "102"]

1.e4 c6 2.d4 d5 3.exd5 cxd5 4.Bd3 Nc6 5.c3 g6 6.Nf3 Bf5 7.O-O e6 8.Re1 
Bxd3 9.Qxd3 Bd6 10.Bg5 Qc7 11.Nbd2 Nge7 12.Bf6 O-O 13.Ne5 Nf5 14.Re2 Ng7 
15.Ng4 h5 16.Qh3 Ne8 17.Be5 Qd8 18.Nh6+ Kh7 19.Bxd6 Nxd6 20.Ng4 b5 21.Ne5 
Nxe5 22.dxe5 Nf5 23.Nf3 Rc8 24.g4 Ng7 25.Kh1 Rc4 26.Rg1 Rh8 27.Nd4 Kg8 28.
g5 b4 29.Nb5 Nf5 30.Qd3 Qb6 31.b3 Rc5 32.c4 Kh7 33.Rd1 Rd8 34.a3 Rcc8 35.
Nd6 Nxd6 36.exd6 Rxd6 37.axb4 Qxb4 38.Qf3 Rd7 39.cxd5 exd5 40.Rxd5 Rc3 41.
Re3 Rxe3 42.fxe3 Rc7 43.Rd3 Qe1+ 44.Kg2 Rc2+ 45.Kh3 Rf2 46.Qd1 Qa5 47.Kg3 
Qa2 48.Qg1 h4+ 49.Kh3 Qe2 50.Rc3 Qf3+ 51.Kxh4 Qe4+ 0-1

[Event "23rd EUR-ch"]
[Site "Vrnjacka Banja SRB"]
[Date "2023.03.06"]
[Round "4.169"]
[White "Bashylina, Luisa"]
[Black "Nyysti, Sampsa"]
[Result "0-1"]
[WhiteElo "2127"]
[BlackElo "2345"]
[EventDate "2023.03.03"]
[PlyCount "86"]

1.d4 Nf6 2.c4 e6 3.Nc3 Bb4 4.e3 O-O 5.Bd2 c5 6.Bd3 d5 7.cxd5 cxd4 8.exd4 
exd5 9.Nge2 Nc6 10.h3 Re8 11.O-O h6 12.a3 Bd6 13.b4 Bd7 14.Qb3 a5 15.Nb5 
Bb8 16.Nf4 axb4 17.axb4 Rxa1 18.Rxa1 Bc8 19.Rc1 g5 20.Ne2 Be6 21.f4 Ne4 
22.Bxe4 dxe4 23.Qe3 Ne7 24.fxg5 Nf5 25.Qxe4 Bd7 26.Qd3 Bxb5 27.Qxb5 Nxd4 
28.Nxd4 Qxd4+ 29.Kh1 Rd8 30.Qe2 Qd6 31.Kg1 Ba7+ 32.Kf1 Qxd2 33.Qxd2 Rxd2 
34.Rc8+ Kh7 35.Rc7 Rf2+ 36.Ke1 hxg5 37.Rxb7 Bd4 38.Rd7 Rf4 39.b5 Kg6 40.
Rd6+ f6 41.Ke2 Be5 42.Rd5 Rb4 43.Kf3 Kf5 0-1

[Event "23rd EUR-ch"]
[Site "Vrnjacka Banja SRB"]
[Date "2023.03.06"]
[Round "4.170"]
[White "Sahakian, Aleks"]
[Black "Giacomini, Hector"]
[Result "1/2-1/2"]
[WhiteElo "2343"]
[BlackElo "2121"]
[EventDate "2023.03.03"]
[PlyCount "82"]

1.e4 c6 2.d4 d5 3.e5 c5 4.dxc5 e6 5.Bd3 Nc6 6.Nf3 Bxc5 7.a3 f6 8.b4 Bb6 9.
Bb2 fxe5 10.Nxe5 Nf6 11.O-O O-O 12.Nd2 a5 13.b5 Nxe5 14.Bxe5 Bd7 15.Nb3 a4
16.Nd4 Qe7 17.Qe2 Bc5 18.Qf3 Rf7 19.Qg3 Raf8 20.f4 Nh5 21.Qe3 Nxf4 22.Rfe1
Nxd3 23.Qxd3 Qh4 24.c3 Qe7 25.h3 Bxa3 26.Kh2 Ra8 27.Qg3 Bc5 28.Rf1 Rxf1 
29.Rxf1 Rf8 30.Ra1 a3 31.Ra2 Qf7 32.Bd6 Bxd6 33.Qxd6 Qf4+ 34.Qxf4 Rxf4 35.
Rxa3 e5 36.Nf3 Bxb5 37.Nxe5 Bc6 38.Kg3 Rf5 39.Nf3 h6 40.Nd4 Rf1 41.Ra8+ 
Kf7 1/2-1/2

[Event "23rd EUR-ch"]
[Site "Vrnjacka Banja SRB"]
[Date "2023.03.06"]
[Round "4.171"]
[White "Demir, Baran"]
[Black "Adan Bermudez, Sergio"]
[Result "0-1"]
[WhiteElo "2122"]
[BlackElo "2338"]
[EventDate "2023.03.03"]
[PlyCount "114"]

1.d4 d5 2.c4 dxc4 3.Nf3 Nf6 4.e3 e6 5.Bxc4 a6 6.O-O c5 7.dxc5 Bxc5 8.Qxd8+
Kxd8 9.a3 b5 10.b4 Bd6 11.Bd3 Nc6 12.Bb2 Ke7 13.Nc3 Rd8 14.Rfd1 Bb7 15.Ne2
g6 16.Ng3 Rac8 17.Rac1 Nd7 18.Ne4 Bb8 19.Nc5 Nxc5 20.Rxc5 Bd6 21.Rcc1 f5 
22.Be2 e5 23.Nd2 Nb8 24.Rxc8 Bxc8 25.Nb3 Be6 26.Na5 Rd7 27.Bf3 e4 28.Be2 
Ba2 29.Bd4 Bd5 30.Rb1 Rc7 31.Bd1 Nd7 32.Bb3 Bxb3 33.Nxb3 Rc2 34.Rb2 Rxb2 
35.Bxb2 Ke6 36.Kf1 Kd5 37.Ke2 Ne5 38.Bxe5 Bxe5 39.Kd2 Bxh2 40.g3 h5 41.Nd4
f4 42.Ne2 fxg3 43.fxg3 g5 44.Nc3+ Ke5 45.g4 hxg4 46.Ke2 Kf5 47.Kf2 Be5 48.
Nb1 Bb2 49.Kg3 Bc1 50.Kf2 Ke5 51.Kg3 Bxe3 52.Nc3 Kd4 53.Nd1 Bc1 54.Kxg4 e3
55.Kf3 Kd3 56.Kg2 e2 57.Nf2+ Kc2 0-1

[Event "23rd EUR-ch"]
[Site "Vrnjacka Banja SRB"]
[Date "2023.03.06"]
[Round "4.172"]
[White "Bazakutsa, Svyatoslav"]
[Black "Simonovic, Miroslav"]
[Result "1-0"]
[WhiteElo "2335"]
[BlackElo "2115"]
[EventDate "2023.03.03"]
[PlyCount "159"]

1.c4 c5 2.Nf3 Nc6 3.d4 cxd4 4.Nxd4 g6 5.e4 Bg7 6.Be3 d6 7.Nc3 h5 8.Be2 Nf6
9.f3 h4 10.Qd2 Bd7 11.Rd1 Qa5 12.O-O Nh5 13.Nb3 Bxc3 14.bxc3 Qc7 15.Qe1 
Ng7 16.c5 dxc5 17.Nxc5 Rd8 18.Qf2 Bc8 19.f4 Rxd1 20.Rxd1 Qa5 21.Qe1 h3 22.
Qd2 Ne6 23.Nb3 Qc7 24.g3 O-O 25.Nd4 Rd8 26.Qc1 Qa5 27.Qb2 Kh7 28.Qb3 Kg7 
29.Kf2 Nc5 30.Qc2 Ne6 31.Bc4 Nexd4 32.cxd4 Bg4 33.Rd2 Qa3 34.Rd3 Qa5 35.
Qb2 Kg8 36.Qb3 e6 37.Qb2 Qc7 38.Qc3 Na5 39.Bb5 Qxc3 40.Rxc3 a6 41.Be2 f5 
42.Bxg4 fxg4 43.d5 exd5 44.Bb6 Rd6 45.Bxa5 dxe4 46.Ke3 Rd5 47.Bb6 Rd1 48.
Rc2 Rb1 49.Bd4 Kf7 50.Kxe4 Ke6 51.Rb2 Re1+ 52.Be3 b5 53.Kd3 Kd5 54.Re2 
Rd1+ 55.Bd2 Rh1 56.Re5+ Kc6 57.Re6+ Kb7 58.Re2 Kc6 59.Ke4 Rf1 60.Bb4 Rc1 
61.Ke5 Rg1 62.Rc2+ Kb7 63.f5 Rg2 64.Rd2 gxf5 65.Kxf5 Kb6 66.Kxg4 a5 67.
Kxh3 Rg1 68.Bc3 Rc1 69.Bb2 Rc4 70.a3 b4 71.axb4 axb4 72.Rd4 Kc5 73.Rxc4+ 
Kxc4 74.g4 Kb3 75.Bf6 Kc2 76.g5 b3 77.g6 b2 78.Bxb2 Kxb2 79.g7 Kc3 80.g8=Q
1-0

[Event "23rd EUR-ch"]
[Site "Vrnjacka Banja SRB"]
[Date "2023.03.06"]
[Round "4.173"]
[White "Gkavardinas, Antonios"]
[Black "Yordanov, Lachezar"]
[Result "0-1"]
[WhiteElo "2121"]
[BlackElo "2335"]
[EventDate "2023.03.03"]
[PlyCount "86"]

1.e4 c5 2.Nf3 d6 3.d4 cxd4 4.Nxd4 Nf6 5.Nc3 a6 6.Be3 e5 7.Nb3 Be7 8.f3 Be6
9.Qd2 h5 10.Nd5 Bxd5 11.exd5 Nbd7 12.Na5 Qc7 13.c4 e4 14.f4 Ng4 15.b4 Nxe3
16.Qxe3 O-O 17.Be2 Bh4+ 18.g3 Bf6 19.Rc1 Nc5 20.O-O Nd3 21.Bxd3 exd3 22.
Kg2 Rfe8 23.Qxd3 Qb6 24.a3 Re7 25.Rfe1 Rae8 26.Rxe7 Rxe7 27.Qd2 g6 28.c5 
Qb5 29.Kf2 dxc5 30.Rxc5 Qd7 31.d6 Re8 32.Nb3 Qh3 33.Kg1 h4 34.d7 Rd8 35.
Rd5 hxg3 36.Nc5 gxh2+ 37.Qxh2 Qg4+ 38.Qg2 Qxf4 39.Nxb7 Bd4+ 40.Rxd4 Qxd4+ 
41.Qf2 Qg4+ 42.Kh2 Rxd7 43.Nc5 Rd5 0-1

[Event "23rd EUR-ch"]
[Site "Vrnjacka Banja SRB"]
[Date "2023.03.06"]
[Round "4.174"]
[White "Jandric, Damjan"]
[Black "Velikic, Adela"]
[Result "0-1"]
[WhiteElo "2104"]
[BlackElo "2329"]
[EventDate "2023.03.03"]
[PlyCount "94"]

1.e4 c5 2.Nc3 a6 3.f4 b5 4.d4 cxd4 5.Qxd4 Bb7 6.Nf3 e6 7.Bd3 Qc7 8.Bd2 Nf6
9.O-O-O Bc5 10.Qe5 Qxe5 11.fxe5 Ng4 12.Rde1 Nc6 13.Bf4 Ne7 14.Kd2 Ng6 15.
Bg3 Bf2 16.Bxf2 Nxf2 17.Rhf1 Ng4 18.a4 b4 19.Na2 a5 20.Nc1 N4xe5 21.Nd4 d6
22.h3 Ke7 23.Bb5 Rhc8 24.Nd3 Nc4+ 25.Kc1 Nge5 26.Nf4 g6 27.Rf2 Ba6 28.Bxa6
Rxa6 29.b3 Nb6 30.Kd2 Nbd7 31.Ref1 Nc5 32.Ke3 Ra7 33.Nb5 Rd7 34.g4 Rb7 35.
Rd1 Rb6 36.Rfd2 Nb7 37.Ne2 Rc5 38.Ned4 Nc6 39.Nf3 Ncd8 40.Ne1 Rc8 41.Nf3 
e5 42.Ne1 Ne6 43.Nd3 Nc7 44.Nxc7 Rxc7 45.Rf2 Rbc6 46.Rdf1 Ke8 47.Rc1 Rc3 
0-1

[Event "23rd EUR-ch"]
[Site "Vrnjacka Banja SRB"]
[Date "2023.03.06"]
[Round "4.175"]
[White "Stanojevic, Ilija"]
[Black "Bodiroga, Predrag"]
[Result "1-0"]
[WhiteElo "2096"]
[BlackElo "2314"]
[EventDate "2023.03.03"]
[PlyCount "75"]

1.d4 Nf6 2.c4 b6 3.Nc3 Bb7 4.Qc2 e6 5.e4 d6 6.Be2 Nbd7 7.Nf3 c5 8.d5 e5 9.
h3 Be7 10.Be3 a6 11.a4 O-O 12.g3 Ne8 13.Qd2 Bc8 14.h4 Ndf6 15.Nh2 Nc7 16.
g4 Nfe8 17.g5 Bd7 18.h5 b5 19.Ng4 bxc4 20.O-O-O Nb5 21.axb5 axb5 22.Rdg1 
b4 23.Nb1 c3 24.bxc3 bxc3 25.Nxc3 Qa5 26.Qc2 Nc7 27.Nf6+ Bxf6 28.gxf6 g6 
29.Kd2 Rfb8 30.hxg6 fxg6 31.f7+ Kg7 32.f8=Q+ Kxf8 33.Rxh7 Be8 34.Bh6+ Kg8 
35.Rg7+ Kh8 36.Re7 Qb4 37.Bd3 Ba4 38.Bg7+ 1-0

[Event "23rd EUR-ch"]
[Site "Vrnjacka Banja SRB"]
[Date "2023.03.06"]
[Round "4.176"]
[White "Pantic, Ivica"]
[Black "Van Dael, Siem"]
[Result "0-1"]
[WhiteElo "2091"]
[BlackElo "2312"]
[EventDate "2023.03.03"]
[PlyCount "86"]

1.Nf3 Nf6 2.d4 g6 3.c4 Bg7 4.Nc3 d6 5.h3 O-O 6.e4 e5 7.d5 a5 8.a3 Nbd7 9.
Be3 Nc5 10.Nd2 Bd7 11.b4 Na6 12.Rb1 Nh5 13.g3 axb4 14.axb4 Qe8 15.Be2 Nf4 
16.Bf1 f5 17.c5 Nh5 18.c6 bxc6 19.dxc6 Be6 20.exf5 gxf5 21.Bc4 Bxc4 22.
Nxc4 Qxc6 23.Qd5+ Qxd5 24.Nxd5 f4 25.Bd2 fxg3 26.fxg3 Nxg3 27.Rg1 Rf3 28.
Be3 Raf8 29.Nd2 e4 30.Nxf3 Rxf3 31.Kd2 Kf7 32.Rbc1 c5 33.b5 Nb8 34.b6 Be5 
35.b7 Ke6 36.Nb6 d5 37.Bg5 c4 38.Bh4 Nf5 39.Be1 Nd4 40.Rc3 Rxc3 41.Rg8 
Rc2+ 42.Kd1 e3 43.Re8+ Kf5 0-1

[Event "23rd EUR-ch"]
[Site "Vrnjacka Banja SRB"]
[Date "2023.03.06"]
[Round "4.177"]
[White "Gombocz, Ferenc jr"]
[Black "Todev, Simeon"]
[Result "1-0"]
[WhiteElo "2311"]
[BlackElo "2119"]
[EventDate "2023.03.03"]
[PlyCount "61"]

1.d4 Nf6 2.Nf3 d5 3.Bf4 c5 4.e3 Nc6 5.Nbd2 Bf5 6.c3 e6 7.Be2 Bd6 8.Qb3 O-O
9.Bxd6 Qxd6 10.Qa3 b6 11.Nb3 Ne4 12.dxc5 bxc5 13.Nh4 c4 14.Qxd6 Nxd6 15.
Nxf5 Nxf5 16.Nd2 Nd6 17.e4 Rab8 18.O-O-O Rfd8 19.f4 Rb7 20.exd5 exd5 21.
Bf3 Ne7 22.Rhe1 Rdb8 23.b3 Nb5 24.Kc2 cxb3+ 25.axb3 Rc8 26.Nb1 Rbc7 27.Kb2
Ng6 28.Bxd5 Nxc3 29.Nxc3 Rxc3 30.Bc4 R3xc4 31.bxc4 1-0

[Event "23rd EUR-ch"]
[Site "Vrnjacka Banja SRB"]
[Date "2023.03.06"]
[Round "4.178"]
[White "Vujcic, Milena"]
[Black "Marcetic, Nikola"]
[Result "1-0"]
[WhiteElo "2072"]
[BlackElo "2309"]
[EventDate "2023.03.03"]
[PlyCount "83"]

1.e4 c5 2.Nf3 g6 3.d4 cxd4 4.Nxd4 Bg7 5.Be3 Nc6 6.Nc3 Nf6 7.f3 O-O 8.Bc4 
d6 9.Bb3 Qa5 10.Qd2 Nxd4 11.Bxd4 Be6 12.O-O-O b5 13.Kb1 b4 14.Ne2 Rfc8 15.
g4 Bxb3 16.cxb3 e5 17.Be3 Rc6 18.g5 Nd7 19.Qd5 Qa6 20.Rc1 Rac8 21.Rxc6 
Rxc6 22.Nc1 Bf8 23.h4 Nc5 24.h5 Ne6 25.hxg6 hxg6 26.Qd2 Qb7 27.Nd3 a5 28.
Qh2 Bg7 29.Nf2 Kf8 30.Ng4 Rc8 31.Nf6 Bxf6 32.gxf6 Ke8 33.Qh7 Nd8 34.Qg8+ 
Kd7 35.Qf8 Rc6 36.Rd1 Qc7 37.f4 Kc8 38.Qe7 Ne6 39.fxe5 dxe5 40.Qe8+ Nd8 
41.Rxd8+ Qxd8 42.Qxc6+ 1-0

[Event "23rd EUR-ch"]
[Site "Vrnjacka Banja SRB"]
[Date "2023.03.06"]
[Round "4.179"]
[White "Farkas, Sandor"]
[Black "Vagman, Roy"]
[Result "1/2-1/2"]
[WhiteElo "2064"]
[BlackElo "2298"]
[EventDate "2023.03.03"]
[PlyCount "71"]

1.d4 Nf6 2.Nf3 d5 3.c3 e6 4.Bf4 Bd6 5.e3 O-O 6.Nbd2 b6 7.Ne5 c5 8.Bd3 Ba6 
9.Bxa6 Nxa6 10.Qe2 Nc7 11.O-O Nfe8 12.Bg3 f6 13.Nd3 c4 14.Ne1 Bxg3 15.hxg3
f5 16.Nef3 Qd6 17.Ne5 Nf6 18.f3 Nd7 19.Nxd7 Qxd7 20.a4 Qd6 21.f4 Ne8 22.g4
g6 23.g5 Qc7 24.Ra3 Nd6 25.Rfa1 Qb7 26.R3a2 a6 27.Qf3 b5 28.b4 cxb3 29.
Nxb3 Ne4 30.Nc5 Nxc5 31.dxc5 Rfc8 32.axb5 Qxb5 33.Ra5 Qc4 34.Qf1 Qxc3 35.
R1a3 Qc2 36.Rxa6 1/2-1/2

[Event "23rd EUR-ch"]
[Site "Vrnjacka Banja SRB"]
[Date "2023.03.06"]
[Round "4.180"]
[White "Skvortsov, Andrei"]
[Black "Roebers, Jan"]
[Result "1-0"]
[WhiteElo "2298"]
[BlackElo "2113"]
[EventDate "2023.03.03"]
[PlyCount "114"]

1.g3 g6 2.Bg2 Bg7 3.e4 d6 4.Ne2 Nf6 5.d4 O-O 6.O-O e5 7.Nbc3 exd4 8.Nxd4 
Re8 9.h3 Nc6 10.Be3 Bd7 11.Nde2 Ne5 12.b3 a5 13.f4 Nc6 14.g4 h6 15.Ng3 a4 
16.Nxa4 b5 17.Nc3 Nxg4 18.hxg4 Bxc3 19.f5 Bxa1 20.Qxa1 Ne5 21.g5 hxg5 22.
Qc1 f6 23.fxg6 Rxa2 24.Nh5 Rf8 25.g7 Rf7 26.Rxf6 Rxf6 27.Bxg5 Qa8 28.Nxf6+
Kxg7 29.Bh6+ Kf7 30.Qg5 Ra1+ 31.Kh2 Qh8 32.Qh5+ Ng6 33.Nxd7 Ke7 34.Qxg6 
Kxd7 35.Bh3+ Kc6 36.Bg7 Rh1+ 37.Kxh1 Qxh3+ 38.Kg1 Qe3+ 39.Kh2 Qf2+ 40.Kh3 
Qxc2 41.Qe6 Qd1 42.Kh4 Kc5 43.Bf6 Kb4 44.Bd8 Qc2 45.Kg5 c5 46.Be7 Qg2+ 47.
Kf6 c4 48.bxc4 bxc4 49.Bxd6+ Kb3 50.Qd5 Qf3+ 51.Ke7 Qe2 52.e5 Qd3 53.Qb5+ 
Kc2 54.e6 Kd1 55.Bb4 Qh7+ 56.Kd6 c3 57.Bxc3 Kc1 1-0

[Event "23rd EUR-ch"]
[Site "Vrnjacka Banja SRB"]
[Date "2023.03.06"]
[Round "4.181"]
[White "Grozdanovic, Anastasia"]
[Black "Remolar Gallen, Jose"]
[Result "0-1"]
[WhiteElo "2050"]
[BlackElo "2290"]
[EventDate "2023.03.03"]
[PlyCount "100"]

1.d4 Nf6 2.c4 g6 3.Nc3 d5 4.cxd5 Nxd5 5.e4 Nxc3 6.bxc3 Bg7 7.Bc4 O-O 8.Ne2
Nc6 9.O-O b6 10.Be3 Bb7 11.Qd2 e5 12.d5 Na5 13.Bd3 f5 14.f3 c6 15.c4 Rf7 
16.Rac1 Rc8 17.Rfd1 Bf8 18.Qb2 Bd6 19.Kh1 Qf8 20.c5 bxc5 21.dxc6 Rxc6 22.
Bb5 Rb6 23.Rxd6 Rxd6 24.Bxc5 fxe4 25.Bxd6 Qxd6 26.fxe4 Bxe4 27.Ng3 Bb7 28.
Qe2 Rf4 29.Rd1 Qc5 30.Rd8+ Kg7 31.Rd7+ Kh6 32.Rd2 a6 33.Bd3 Nc6 34.Ne4 Qa3
35.h3 Nd4 36.Qe1 Nf5 37.Kh2 Qb4 38.Nf6 e4 39.Ng4+ Kg7 40.Bxa6 e3 41.Rd7+ 
Kf8 42.Qa1 Rd4 43.a3 Qb6 44.Bxb7 Rxd7 45.Qh8+ Ke7 46.Qxh7+ Kd8 47.Qg8+ Kc7
48.Qc8+ Kd6 49.Qf8+ Re7 50.Qf6+ Kd7 0-1

[Event "23rd EUR-ch"]
[Site "Vrnjacka Banja SRB"]
[Date "2023.03.06"]
[Round "4.182"]
[White "Gunduz, Umut Erdem"]
[Black "Veleski, Robert"]
[Result "1-0"]
[WhiteElo "2286"]
[BlackElo "2106"]
[EventDate "2023.03.03"]
[PlyCount "79"]

1.e4 e5 2.Nf3 Nc6 3.Bc4 Nf6 4.d3 Be7 5.O-O d6 6.a4 O-O 7.c3 Be6 8.Bxe6 
fxe6 9.b4 Qd7 10.h3 Rae8 11.Be3 Bd8 12.Nbd2 Nh5 13.b5 Na5 14.Nxe5 dxe5 15.
Qxh5 Qxd3 16.Qxe5 Bf6 17.Qxc7 Bxc3 18.Rad1 Rc8 19.Qe7 Rfe8 20.Qa3 Nc4 21.
Nxc4 Qxc4 22.Rc1 Qb4 23.Qxb4 Bxb4 24.Bxa7 Ra8 25.b6 Bd6 26.Rfd1 Bf4 27.Rc4
Rad8 28.Rxd8 Rxd8 29.g3 Be5 30.f4 Bd4+ 31.Kf1 g5 32.Ke2 gxf4 33.gxf4 e5 
34.a5 exf4 35.a6 bxa6 36.Rxd4 Rxd4 37.b7 Rxe4+ 38.Kf3 Rb4 39.b8=Q+ Rxb8 
40.Bxb8 1-0

[Event "23rd EUR-ch"]
[Site "Vrnjacka Banja SRB"]
[Date "2023.03.06"]
[Round "4.184"]
[White "Kristoferitsch, Daniel"]
[Black "Dimitrijevic, Dusan"]
[Result "1/2-1/2"]
[WhiteElo "2282"]
[BlackElo "2105"]
[EventDate "2023.03.03"]
[PlyCount "172"]

1.d4 d5 2.c4 c6 3.Nc3 Nf6 4.e3 e6 5.Nf3 Nbd7 6.Bd3 dxc4 7.Bxc4 b5 8.Bd3 
Bb7 9.e4 b4 10.Na4 c5 11.e5 Nd5 12.O-O Rc8 13.Nxc5 Nxc5 14.dxc5 Bxc5 15.
Ng5 Be7 16.Qh5 g6 17.Qh6 Bf8 18.Qh3 Rxc1 19.Bb5+ Bc6 20.Rfxc1 Bxb5 21.Nxe6
Qd7 22.Nxf8 Qxh3 23.gxh3 Ne7 24.Rc5 a6 25.Rd1 Kxf8 26.Rc7 Nc6 27.f4 Kg7 
28.e6 Kf6 29.exf7 Nd8 30.Rd6+ Ne6 31.Rb7 Rc8 32.b3 Kf5 33.Rbb6 Nf8 34.Kf2 
Kxf4 35.Rd4+ Ke5 36.Rbd6 Rc7 37.Ke3 Rc3+ 38.Kd2 Rc7 39.R6d5+ Ke6 40.Rd8 
Rxf7 41.Re4+ Kf5 42.Rxb4 Nd7 43.a4 Bf1 44.Rb7 Ke6 45.Re8+ Kd6 46.Re3 Kc6 
47.Rb4 Nc5 48.Rg4 a5 49.b4 axb4 50.Rxb4 Ra7 51.Ra3 Kd5 52.a5 Bc4 53.Rb8 
Nb7 54.a6 Nd6 55.Ra1 Bxa6 56.Rf8 Ne4+ 57.Ke3 Nc5 58.Rf6 Re7+ 59.Kf4 Be2 
60.Ra5 Bd3 61.Rf8 Kd6 62.Rd8+ Nd7 63.Ra4 Rf7+ 64.Kg3 Bf5 65.h4 h5 66.Rda8 
Ke7 67.R8a7 Kf6 68.R4a6+ Kg7 69.Ra4 Re7 70.Rd4 Kf7 71.Rd2 Kf6 72.Rd6+ Ke5 
73.Rd2 Rf7 74.Re2+ Kd4 75.Rf2 Re7 76.Ra4+ Kc5 77.Ra5+ Kd6 78.Ra6+ Kd5 79.
Rd2+ Kc4 80.Ra7 Kc3 81.Rd6 Kc4 82.Rc7+ Kb5 83.Kf2 Rf7 84.Kg3 Re7 85.Kf2 
Rf7 86.Kg3 Re7 1/2-1/2

[Event "23rd EUR-ch"]
[Site "Vrnjacka Banja SRB"]
[Date "2023.03.06"]
[Round "4.187"]
[White "Dobre, Claudiu-Cristian"]
[Black "Kosovic, Miroslav"]
[Result "1-0"]
[WhiteElo "2271"]
[BlackElo "2100"]
[EventDate "2023.03.03"]
[PlyCount "81"]

1.c4 Nf6 2.Nf3 g6 3.Nc3 Bg7 4.e4 d6 5.d4 O-O 6.Be2 Bg4 7.Be3 Bxf3 8.Bxf3 
Nbd7 9.O-O e5 10.d5 Ne8 11.Be2 f5 12.f3 Nef6 13.g4 f4 14.Bf2 h5 15.g5 Nh7 
16.h4 Nxg5 17.hxg5 Qxg5+ 18.Kh2 Nf6 19.Rg1 Qh6 20.Kg2 g5 21.Kf1 Rf7 22.Ke1
Bf8 23.Kd2 Rg7 24.Kc2 Qg6 25.Bf1 g4 26.Bh4 Nh7 27.Bh3 g3 28.Be6+ Kh8 29.
Qf1 Be7 30.Qh3 Bxh4 31.Qxh4 Qg5 32.Qh3 Nf6 33.Rg2 Rh7 34.c5 a6 35.Rh1 Re8 
36.Rgg1 Ree7 37.Rb1 Reg7 38.cxd6 cxd6 39.Bf5 Rh6 40.Qh4 Qxh4 41.Rxh4 1-0

[Event "23rd EUR-ch"]
[Site "Vrnjacka Banja SRB"]
[Date "2023.03.06"]
[Round "4.188"]
[White "Ciric, Pavle"]
[Black "Paszewski, Mateusz"]
[Result "0-1"]
[WhiteElo "2037"]
[BlackElo "2270"]
[EventDate "2023.03.03"]
[PlyCount "86"]

1.e4 c6 2.d4 d5 3.e5 Bf5 4.h4 h5 5.c4 e6 6.Nc3 dxc4 7.Bxc4 Nd7 8.Nge2 Be7 
9.Ng3 Bg6 10.Nce4 Qb6 11.Qb3 Bxe4 12.Nxe4 Qxd4 13.Nd6+ Bxd6 14.exd6 Nc5 
15.Qc2 Qe4+ 16.Qxe4 Nxe4 17.Bf4 O-O-O 18.Rd1 Nh6 19.f3 Nf6 20.Bd3 Nd5 21.
Bg3 Nf5 22.Bxf5 exf5 23.Kf2 Rhe8 24.Rd4 Kd7 25.b4 a6 26.Rc1 Nb6 27.Rc5 g6 
28.Bf4 Re6 29.Rc2 Rde8 30.Bh2 Re1 31.Bf4 f6 32.Rcd2 Nd5 33.Rc4 b5 34.Rcd4 
Rb1 35.a3 Ra1 36.Rc2 Rxa3 37.Bh2 g5 38.Rb2 f4 39.g3 fxg3+ 40.Bxg3 Ree3 41.
Kg2 Rxf3 42.Bh2 g4 43.Rb1 Ne3+ 0-1

[Event "23rd EUR-ch"]
[Site "Vrnjacka Banja SRB"]
[Date "2023.03.06"]
[Round "4.189"]
[White "Cuzovic, Ognjen"]
[Black "Ozsakallioglu, Okan"]
[Result "1-0"]
[WhiteElo "2009"]
[BlackElo "2264"]
[EventDate "2023.03.03"]
[PlyCount "119"]

1.d4 Nf6 2.c4 g6 3.Nc3 Bg7 4.e4 d6 5.Nf3 O-O 6.Be2 e5 7.d5 a5 8.Bg5 h6 9.
Bh4 Na6 10.O-O Qe8 11.Nd2 Bd7 12.b3 Nh7 13.f3 h5 14.a3 Bh6 15.Bf2 Qe7 16.
Re1 f5 17.Rb1 Bg5 18.b4 axb4 19.axb4 Bh4 20.Bxh4 Qxh4 21.c5 Qg5 22.Bc4 
dxc5 23.b5 Nb4 24.d6+ Kh8 25.dxc7 b6 26.Nd5 Nxd5 27.Bxd5 Rac8 28.Nc4 Qf6 
29.exf5 Bxf5 30.Ra1 Rxc7 31.Ra6 Rb8 32.Nxe5 Bd7 33.Bc6 Bc8 34.Ra3 Nf8 35.
Rd3 Re7 36.Rd6 Re6 37.Nc4 Rxd6 38.Nxd6 Be6 39.Ne8 Qc3 40.Re2 Qd4+ 41.Qxd4+
cxd4 42.Nc7 Bf7 43.Rd2 Rc8 44.Na8 Rb8 45.Rxd4 Be8 46.Bxe8 Rxa8 47.Bc6 Ra1+
48.Kf2 Ra2+ 49.Kg3 Kg7 50.Rd6 Rb2 51.Be8 Re2 52.Bd7 Rb2 53.Be8 Re2 54.Bc6 
Rb2 55.h4 Kh6 56.Rd8 Ne6 57.Rd6 Nf8 58.Be8 Re2 59.Bf7 Re7 60.Bc4 1-0

[Event "23rd EUR-ch"]
[Site "Vrnjacka Banja SRB"]
[Date "2023.03.06"]
[Round "4.190"]
[White "Stojanovic, Andjelija"]
[Black "Horvat, Damjan"]
[Result "1/2-1/2"]
[WhiteElo "2262"]
[BlackElo "2095"]
[EventDate "2023.03.03"]
[PlyCount "66"]

1.Nf3 d5 2.g3 Nf6 3.Bg2 e6 4.c4 Be7 5.O-O O-O 6.b3 b6 7.Bb2 Bb7 8.cxd5 
exd5 9.d4 Nbd7 10.Nc3 Re8 11.Rc1 a6 12.Qc2 Bd6 13.Rfe1 Rc8 14.Nh4 g6 15.e4
dxe4 16.Nxe4 Nxe4 17.Bxe4 Bxe4 18.Rxe4 Nf6 19.Rxe8+ Qxe8 20.d5 Nxd5 21.Qd2
c6 22.Nf5 Bf8 23.Re1 Qd7 24.Ne3 Re8 25.Nxd5 Qxd5 26.Qc3 Rxe1+ 27.Qxe1 f6 
28.Bxf6 Kf7 29.Bc3 c5 30.Qe3 Qe6 31.Qf4+ Kg8 32.h4 b5 33.Qb8 Kf7 1/2-1/2